Rappeurs par lettre - Chiffres - Statistiques

Statistiques générales
  • Ce quiz a été pris 197 fois
  • Le résultat moyen est 4 sur 10
Statistiques - réponses
Albums notable Réponse % Correct
1PLIKTOI, ARRETEZ-LE 1PLIKÉ140
84%
BLO 13 Block
70%
113 degrés, Illégal radio 113
64%
La suite, La source 1995
55%
La vie continue, Vie d'artiste 4keus
51%
Petits princes, L'adresse 47ter
22%
Hors série, L'histoire d'un gang 4keus Gang
15%
Blow, Depuis minot 100 Blaze
9%
Hostile, Supernova 404Billy
9%
Ma vie en 4K 26keuss
3%
Aucun quiz correspondant
Distribution des résultats
% des personnes avec chaque résultat
Percentile par nombre de réponses
Votre historique - résultats
Vous n’avez pas pris ce quiz